TAYLOR'S HB. OF CLINICAL NURSING SKILLS (Record no. 2135)
[ view plain ]
| 000 -LEADER | |
|---|---|
| fixed length control field | 00354nam a2200145Ia 4500 |
| 008 - FIXED-LENGTH DATA ELEMENTS--GENERAL INFORMATION | |
| fixed length control field | 150201s2012 xx 000 0 und d |
| 082 ## - DEWEY DECIMAL CLASSIFICATION NUMBER | |
| Classification number | 610.73 |
| Item number | T12L |
| 100 ## - MAIN ENTRY--PERSONAL NAME | |
| Personal name | LYNN, PAMELA |
| 245 ## - TITLE STATEMENT | |
| Title | TAYLOR'S HB. OF CLINICAL NURSING SKILLS |
| 250 ## - EDITION STATEMENT | |
| Edition statement | 3RD |
| 260 ## - PUBLICATION, DISTRIBUTION, ETC. (IMPRINT) | |
| Name of publisher, distributor, etc. | WOLTER KLUWER |
| Place of publication, distribution, etc. | INDIA |
| Date of publication, distribution, etc. | 2012 |
| 300 ## - PHYSICAL DESCRIPTION | |
| Extent | 990 |
| 650 ## - SUBJECT ADDED ENTRY--TOPICAL TERM | |
| Topical term or geographic name as entry element | NURSING |
| 942 ## - ADDED ENTRY ELEMENTS (KOHA) | |
| Source of classification or shelving scheme | Dewey Decimal Classification |
| Koha item type | Books |
| Koha issues (borrowed), all copies | 2 |
| Withdrawn status | Lost status | Source of classification or shelving scheme | Damaged status | Not for loan | Collection code | Home library | Current library | Shelving location | Date acquired | Source of acquisition | SGTU | Bill Number | Total Checkouts | Full call number | Barcode | Date last seen | Bill Date | Koha item type | Date last checked out |
|---|---|---|---|---|---|---|---|---|---|---|---|---|---|---|---|---|---|---|---|
| Dewey Decimal Classification | Not For Loan | NURSING | SGT Medical Library | SGT Medical Library | Reference Book | 16/07/2013 | ABC DELHI | SGTU | 3617 | 610.73 T12L | FN1091 | 09/02/2015 | 16/07/2013 | Books | |||||
| Dewey Decimal Classification | Not For Loan | NURSING | SGT Medical Library | SGT Medical Library | Reference Book | 16/07/2013 | ABC DELHI | SGTU | 3617 | 610.73 T12L | FN1092 | 09/02/2015 | 16/07/2013 | Books | |||||
| Dewey Decimal Classification | Not For Loan | NURSING | SGT Medical Library | SGT Medical Library | Reference Book | 16/07/2013 | ABC DELHI | SGTU | 3617 | 610.73 T12L | FN1093 | 27/02/2020 | 16/07/2013 | Books | |||||
| Dewey Decimal Classification | NURSING | SGT Medical Library | SGT Medical Library | Reference Book | 16/07/2013 | ABC DELHI | SGTU | 3617 | 3 | 610.73 T12L | FN1094 | 19/09/2025 | 16/07/2013 | Books | 15/09/2025 | ||||
| Dewey Decimal Classification | Not For Loan | NURSING | SGT Medical Library | SGT Medical Library | Reference Book | 16/07/2013 | ABC DELHI | SGTU | 3617 | 610.73 T12L | FN1095 | 27/07/2018 | 16/07/2013 | Books |